L'Aide publique au développement dans les pays membres du CILSS de 1975 à 1982 = Official development assistance to CILSS member countries from 1975 to 1982 /
Saved in:
| Corporate Authors: | , |
|---|---|
| Format: | Book |
| Language: | French |
| Published: |
[Paris? :
s.n.],
1983.
|
| Subjects: | |
| Tags: |
Add Tag
No Tags, Be the first to tag this record!
|
| LEADER | 01079nam a2200277Ia 4500 | ||
|---|---|---|---|
| 001 | 007785233-8 | ||
| 005 | 20020606104010.5 | ||
| 008 | 890824s1983 fr a 000 0 fre d | ||
| 035 | 0 | |a ocm20241515 | |
| 040 | |a EEM |c EEM |d HLS | ||
| 041 | 0 | |a freeng | |
| 043 | |a f------ | ||
| 050 | 4 | |a HC1000 |b .A62 1983 | |
| 090 | |a HC1000 |b .A62 1983 | ||
| 245 | 0 | 2 | |a L'Aide publique au développement dans les pays membres du CILSS de 1975 à 1982 = |b Official development assistance to CILSS member countries from 1975 to 1982 / |c CILSS, Comite permanent inter-états de lutte contre la secheresse dans le Sahel [et] OCDE/OECD-Club du Sahel, |c 1983. |
| 246 | 3 | |a Official development assistance to CILSS member countries from 1975 to 1982. | |
| 260 | |a [Paris? : |b s.n.], |c 1983. | ||
| 300 | |a 2 v. : |b ill. ; |c 30 cm. | ||
| 500 | |a English and French. | ||
| 500 | |a "Sahel D(83) 230". | ||
| 505 | 0 | |a v. 1. Synthèse. | |
| 650 | 0 | |a Economic assistance |z Sahel. | |
| 710 | 2 | |a Permanent Inter-State Committee for Drought Control in the Sahel. | |
| 710 | 2 | |a Sahel Club. | |
| 988 | |a 20020608 | ||
| 906 | |0 OCLC | ||


